| 000 | 00805nam a2200277Ia 4500 | ||
|---|---|---|---|
| 003 | GCL | ||
| 008 | 140319s9999 xx 000 0 ara d | ||
| 020 | _a8012702977 | ||
| 040 |
_aGCL / _cGCL |
||
| 082 | 0 | 4 |
_a709.1 _bد ف |
| 100 | 1 | _aديماند ، م . س | |
| 245 | 1 | 0 |
_aالفنون الاسلامية / _cديماند ، م . س |
| 700 | 1 | _aاحمد محمد عيسى | |
| 250 | _aالثالثة | ||
| 260 |
_aالقاهرة : _bدار المعارف ، _c1982 |
||
| 300 |
_a349 ص ؛ _c22 سم |
||
| 650 | 0 | 4 | _aالفنون |
| 650 | 0 | 4 | _aالرسم |
| 650 | 0 | 4 | _aالزخرفة |
| 650 | 0 | 4 | _aالفنون التشكيلية |
| 650 | 0 | 4 | _aالفن الشرقى |
| 650 | 0 | 4 | _aالتصوير |
| 650 | 0 | 4 | _aحفر الخشب |
| 650 | 0 | 4 | _aالفن الاسلامى |
| 942 |
_2ddc _cBK |
||
| 999 |
_c55511 _d55511 |
||